Statistiques concernant Lequel de ces personnages d'Harry Potter a dit cela ?

Cliquez ici pour prendre le quiz!

Statistiques générales

  • Ce quiz a été pris 204 fois
  • Le résultat moyen est 13 sur 22

Statistiques - réponses

HintRéponse% Correct
"N’aie pas pitié des morts Harry, aie pitié des vivants et en particulier de tous ceux qui vivent sans amour."Albus Dumbledore
84%
"J’ai tout appris dans les livres. Mais il y a des choses beaucoup plus importantes, le courage, l’amitié."Hermione Granger
83%
"Je ne suis pas un hibou !"Hermione Granger
82%
"Il faut du courage pour affronter ses ennemis mais il en faut encore plus pour affronter ses amis."Albus Dumbledore
80%
"Tu as la capacité émotionnelle d’une petite cuillère."Hermione Granger
80%
"Nous faisons partie de toi. Invisible pour tous les autres."Sirius Black
75%
"Mais vous savez, on peut trouver du bonheur même dans les endroits les plus sombres. Il suffit de se souvenir d’allumer la lumière."Albus Dumbledore
73%
"J’ai toujours été fier du talent que je possède pour tourner des phrases."Albus Dumbledore
65%
"Ce ne sont pas nos capacités qui déterminent ce que nous sommes, Harry, ce sont nos choix."Albus Dumbledore
63%
"J’ai faim, j’espère qu’il y a du pudding !"Luna Lovegood
63%
"Les choses finissent toujours pas revenir, mais pas toujours de la manière qu’on croit."Luna Lovegood
61%
"Même dans le monde des sorciers, entendre des voix n'est pas bon signe."Hermione Granger
60%
"Tu n’es pas quelqu’un de mauvais. Tu es quelqu’un de bon à qui il est arrivé de mauvaises choses."Sirius Black
53%
"Quand nous rêvons, nous entrons dans un monde qui n’appartient qu’à nous."Albus Dumbledore
51%
"Il y a des choses qui valent la peine de mourir."Sirius Black
50%
"Ceux qui nous aiment ne nous quittent jamais vraiment."Sirius Black
44%
"Ça ne fait pas grand bien de s’installer dans les rêves en oubliant de vivre."Albus Dumbledore
43%
"La peur d’un nom ne fait qu’accroître la peur de la chose elle-même."Hermione Granger
33%
"Si tu veux cerner la vraie nature de quelqu’un, regarde la façon dont il traite les personnes qui lui sont inférieures et non pas ses égaux."Sirius Black
31%
"Dans le monde il n’y a pas d’un côté le bien et le mal, il y a une part de lumière et d’ombre en chacun de nous."Sirius Black
30%
"Le problème, c’est que les humains ont un don pour désirer ce qui leur fait le plus de mal."Albus Dumbledore
25%
"Tout homme s’enrichit quand abonde l’esprit."Luna Lovegood
24%

Distribution des résultats

Percentile par nombre de réponses

% des personnes avec chaque résultat

Votre développement - résultats

Vous n’avez pas pris ce quiz